000
00354nam a2200145Ia 4500
008
090124s9999 xx 000 0 und d
082
_b
302146
245
_a
खंडणी
250
_a
1
260
_b
बागुल चारुदत्त
_c
1989
300
_a
131
630
_a
खंडणी
730
_a
खंडणी
942
_c
BOOK
999
_c
191748
_d
191748